| 000 | 00359nam a2200145Ia 4500 | ||
|---|---|---|---|
| 008 | 230524s9999 xx 000 0 und d | ||
| 020 | _a9788189897012 | ||
| 100 | _aH.C. Das | ||
| 245 | 0 | _aThermodynamics | |
| 250 | _a1 | ||
| 260 |
_aNew Delhi _bIndia Tech Publishing _c2010 |
||
| 500 | _aQuantity Number: 20 | ||
| 700 | _a"S.K. Behera, etal" | ||
| 942 | _cBK | ||
| 999 |
_c53547 _d53547 |
||